Protesta / (Record no. 123019)

MARC details
000 -LEADER
campo de control de longitud fija 00597nam a2200193 4500
001 - NÚMERO DE CONTROL
campo de control 123019
003 - IDENTIFICADOR DE NÚMERO DE CONTROL
campo de control ES-MaACL
005 - FECHA Y HORA DE LA ÚLTIMA TRANSACCIÓN
campo de control 20250822162347.0
007 - CAMPO FIJO DE DESCRIPCIÓN FÍSICA--INFORMACIÓN GENERAL
campo de control de longitud fija t|
008 - DATOS DE LONGITUD FIJA--INFORMACIÓN GENERAL
campo de control de longitud fija 070214s1962 sp r ||||0| spa d
245 00 - MENCIÓN DEL TÍTULO
Título Protesta /
Mención de responsabilidad, etc. compilado por Gene Feldman y Max Gartenberg ; [versión de Domingo Manfredi Cano].
260 ## - PUBLICACIÓN, DISTRIBUCIÓN, ETC.
Lugar de publicación, distribución, etc. Barcelona :
Nombre del editor, distribuidor, etc. Caralt,
Fecha de publicación, distribución, etc. 1962.
300 ## - DESCRIPCIÓN FÍSICA
Extensión 389 p ;
Dimensiones 24 cm.
700 1# - ENTRADA AGREGADA--NOMBRE PERSONAL
Nombre de persona Feldman, Gene.
9 (RLIN) 49145
700 1# - ENTRADA AGREGADA--NOMBRE PERSONAL
Nombre de persona Gartenberg, Max.
9 (RLIN) 55793
700 1# - ENTRADA AGREGADA--NOMBRE PERSONAL
Nombre de persona Manfredi Cano, Domingo,
Fechas asociadas al nombre 1918-1998
9 (RLIN) 75997
852 ## - LOCALIZACIÓN
Ubicación ES-MaACL
Número de control de estantería C-17743
Sublocalización o colección R.50292
Holdings
Estatus retirado Estado de pérdida Estado de daño No para préstamo Biblioteca de origen Biblioteca actual Ubicación en estantería Fecha de adquisición Fuente de adquisición Total de préstamos Signatura topográfica completa Código de barras Visto por última vez Precio de reemplazo Tipo de ítem Koha
        Biblioteca del Ateneo de Madrid Biblioteca del Ateneo de Madrid Galería 17/01/2008     C-17743 1128190 23/02/2023 23/02/2023 Libro impreso